000 01151nam a2200229Ia 4500
001 IA_The study is a strategic process, shows us from the market research, supply of raw materials, organizational strategy, analysis of size, location, process engineering, financial analysis, risk analysis and environmental impact which give us a broad overview of the characteristics on which the project will operate.
002 ESTUDIO DE FACTIBILIDAD TECNICO-ECONOMICO PARA EL
008 220117s xx 000 0 und d
010 _a185532
530 _aDisponible en PDF
650 _aCarne de cerdo
_xComercio
_9159598
650 _aCerdo
_xProductos cárnicos
_9159599
650 0 _aIndustria del ganado y de la carne
_zMéxico
_zPuebla
_9159600
650 0 _aLivestock and meat industry
_zMexico
_zPuebla
_9159601
650 _aPork
_xTrade
_9159602
650 _aSwine
_xMeat products
_9159603
700 _aEspejel Zaragoza, José Afredo, asesor
_9163732
700 1 _aMartínez Mosqueda, Francisco
_9148600
700 _aPonce Hernández, Pedro, asesor
_9163704
942 _cTESIS M674 2014
999 _c185532
_d185532